000 00918nam a2200217Ii 4500
003 JO-AjNU
008 230605s9999||||xx |||||||||||||| ||und||
017 _a2013/3/946
040 _aJO-AjNU
_bara
_erda
_cJO-AjNU
041 _aara
050 1 4 _aHV6768.U64 2013
100 3 _aعنيزات، معتصم فلاح,
_eauthor
_959557
245 0 0 _aجريمة غسل الاموال ودور المصارف والبنوك في الاردن اتجاهها في ظل متغيرات اتجاه العاملين فيها
250 _aالطبعة الاولى
264 3 1 _aعمان: السواقي العلمية للنشر والتوزيع، 2013
300 _a164ص
_b ويحتوي على قائمة مراجع من ص153-ص164
336 _atext
_btxt
_2rdacontent
337 _aunmediated
_bn
_2rdamedia
338 _avolume
_bnc
_2rdacarrier
650 4 _aجرائم الاموال-البنوك- الاردن
_959558
999 _aA26807
_c30375
_d30375